| 000 | 01101nac a22002411u 4500 | ||
|---|---|---|---|
| 008 | 100907t xxu||||| |||| 00| 0 eng d | ||
| 010 | _a2003112024 | ||
| 020 | _a0735713723 | ||
| 020 | _a8176357316 | ||
| 082 | 0 | 0 |
_a006.696 _bL6731 |
| 100 |
_aLewis, Garry. _918544 |
||
| 245 | 1 | 0 |
_aMaya 5 fundamentals / _cGarry Lewis and Jim Lammers. |
| 260 |
_aNew Delhi : _bNew Riders, _cc2004. |
||
| 300 |
_axlii, 553 p., [8] p. of plates : _bill. (some col.) ; _c24 cm. + _e1 CD-ROM (4 3/4 in.) |
||
| 500 | _aDVD-ROM includes all the files needed to complete the book's projects and movie files demonstrating the techniques in every tutorial. | ||
| 500 | _aIncludes index. | ||
| 538 | _aSystem requirements: Windows or Macintosh; DVD-ROM drive. | ||
| 650 | 0 |
_aComputer animation. _918545 |
|
| 650 | 0 |
_aThree-dimensional display systems. _918546 |
|
| 700 | 1 |
_aLammers, Jim. _918547 |
|
| 942 |
_cBB _k006.696L6731 _2ddc |
||
| 999 |
_c696 _d696 |
||